Pokémon - Bekannte Trainer aus Sinnoh - Statistiken

Allgemein
  • Dieses Quiz wurde 39 mal gespielt
    36 seit der letzten Aktualisierung
  • Das Durchschnittsergebnis liegt bei 128 aus 154
Antwortstatistiken
Pokémon % Korrekt
Arkani
100%
Elevoltek
100%
Garados
100%
Impoleon
100%
Kleinstein
100%
Knakrack
100%
Kryppuk
100%
Luxtra
100%
Milotic
100%
Panferno
100%
Raichu
100%
Roserade
100%
Alpollo
96%
Bamelin
96%
Blitza
96%
Bojelin
96%
Bollterus
96%
Bronzel
96%
Bronzong
96%
Chaneira
96%
Chelast
96%
Chelcarain
96%
Chelterrar
96%
Flamara
96%
Gallopa
96%
Gastrodon
96%
Gengar
96%
Geowaz
96%
Golbat
96%
Koknodon
96%
Lucario
96%
Machomei
96%
Magneton
96%
Maschock
96%
Onix
96%
Panflam
96%
Panpyro
96%
Plinfa
96%
Pliprin
96%
Psiana
96%
Rameidon
96%
Relaxo
96%
Shnurgarst
96%
Simsala
96%
Staraptor
96%
Traunmagil
96%
Vulnona
96%
Zubat
96%
Galagladi
92%
Glaziola
92%
Heiteira
92%
Hippoterus
92%
Honweisel
92%
Iksbat
92%
Kinoso
92%
Magnezone
92%
Meditalis
92%
Meditie
92%
Morlord
92%
Octillery
92%
Rexblisar
92%
Roselia
92%
Skaraborn
92%
Skuntank
92%
Snibunna
92%
Sniebel
92%
Stahlos
92%
Staralili
92%
Staravia
92%
Toxiquak
92%
Zwirrfinst
92%
Aerodactyl
88%
Blubella
88%
Despotar
88%
Drifzepeli
88%
Frosdedje
88%
Hundemon
88%
Kadabra
88%
Kapoera
88%
Kappalores
88%
Keifel
88%
Kikugi
88%
Kramshef
88%
Kramurx
88%
Magbrant
88%
Mamutel
88%
Papinella
88%
Papungha
88%
Piondragi
88%
Pudox
88%
Rihornior
88%
Scherox
88%
Shnebedeck
88%
Skorgro
88%
Togekiss
88%
Zwirrlicht
88%
Ambidiffel
84%
Aquana
84%
Armaldo
84%
Banette
84%
Kabutops
84%
Lanturn
84%
Lepumentas
84%
Mampfaxo
84%
Mogelbaum
84%
Pantimos
84%
Panzaeron
84%
Pelipper
84%
Ponita
84%
Porygon-Z
84%
Relicanth
84%
Schlapor
84%
Voluminas
84%
Welsar
84%
Wielie
84%
Yanmega
84%
Girafarig
80%
Kapilz
80%
Lahmus
80%
Nachtara
80%
Nidoking
80%
Rossana
80%
Stolloss
80%
Libelldra
76%
Sonnflora
76%
Wailord
76%
Hariyama
72%
Quaxo
72%
Seedraking
72%
Burmadame
68%
Rotom
68%
Tangoloss
68%
Tohaido
68%
Aalabyss
64%
Metagross
60%
Brutalanda
56%
Saganabyss
56%
Moterpel
48%
Turtok
44%
Gewaldro
40%
Lektrobal
40%
Pixi
40%
Pottrott
40%
Schlurplek
40%
Tornupto
40%
Ninjask
36%
Qurtel
36%
Ursaring
36%
Piepi
32%
Tauros
28%
Absol
24%
Woingenau
24%
Dummisel
16%
Keine übereinstimmenden Quizze gefunden
Verteilung der Resultate
Anzahl Personen mit jedem Resultat
Perzentil nach korrekt beantworteten Fragen
Ihre Resultats-Entwicklung
Sie haben dieses Quiz seit der letzten Aktualisierung nicht gespielt